Dominic Apap
Detroit Catholic Central B
Categories
Literature - British | 2 | 8 | 0 | 0 | 110 | 69 | 102.50 | 0 | 0 |
Literature - European | 1 | 8 | 0 | 0 | 95 | 63 | 91.44 | 0 | 0 |
Literature - World and Miscellaneous | 1 | 6 | 0 | 0 | 75 | 54 | 83.14 | 0 | 0 |
Literature - American | 3 | 1 | 0 | 0 | 55 | 43 | 58.50 | 0 | 2 |
RMP - Philosophy | 0 | 2 | 0 | 0 | 20 | 95 | 97.50 | 0 | 0 |
Fine Arts - Music | 0 | 2 | 0 | 0 | 20 | 124 | 124.50 | 0 | 0 |
Current Events - U.S. | 0 | 1 | 0 | 0 | 10 | 85 | 85.00 | 0 | 0 |
Fine Arts - Miscellaneous | 0 | 1 | 0 | 0 | 10 | 135 | 135.00 | 0 | 0 |
Fine Arts - Opera | 0 | 1 | 0 | 0 | 10 | 124 | 124.00 | 0 | 0 |
Fine Arts - Painting | 0 | 1 | 0 | 0 | 10 | 122 | 122.00 | 0 | 0 |
History - European | 0 | 1 | 0 | 0 | 10 | 87 | 87.00 | 0 | 0 |
Fine Arts - Architecture | 0 | 0 | 0 | 0 | 0 | 0.00 | 0 | 0 | |
Science - Physics | 0 | 0 | 0 | 0 | 0 | 0.00 | 0 | 0 |